• 首页
  • 本馆介绍
  • 公告通知
  • 最新文献
  • 馆藏检索
  • 电子资源
  • 读者导购
  • 参考咨询
  • 我的图书馆
  • 登录
  • 详细信息显示
  • 放入我的书架
  • 预约/预借图书
  • 作者相关作品
  • 分类相关作品
  • 丛书相关作品
  • 出版社相关作品

书目信息

  • 表格格式
  • 工作单格式
  • 卡片格式
题名:
铁饼
    
 
作者: 张英波 , 张景龙 编著
分册:  
出版信息: 北京   人民体育出版社  1999
页数: 105页
开本: 19cm
丛书名: 田径教学训练实用丛书
单 册:
中图分类: G824.2
科图分类:
主题词: 铁饼--运动训练法 , 铁饼 , 运动训练法
电子资源:
ISBN: 7-5009-1875-5
000 00725oam2 2200265 450
001 1260282182
005 20121007164519.18
010    @a7-5009-1875-5@dCNY7.00
100    @a20000120d1999 em y0chiy0110 ea
101 0  @achi
102    @aCN@b110000
105    @af z 000yy
200 1  @a铁饼@Atie bing@f张英波,张景龙编著
210    @a北京@c人民体育出版社@d1999
215    @a105页@c插图@d19cm
225 2  @a田径教学训练实用丛书
461  0 @12001 @a田径教学训练实用丛书
606 0  @a铁饼@x运动训练法
606 0  @a铁饼
606 0  @a运动训练法
690    @aG824.2@v4
701  0 @a张英波@Azhang ying bo@4编著
701  0 @a张景龙@Azhang jing long@4编著
801  0 @aCN@bNLC@c20101222
905    @a10447@dG824.2@eJY237
    
    铁饼/张英波,张景龙编著.-北京:人民体育出版社,1999
    105页:插图;19cm.-(田径教学训练实用丛书)
    
    
    ISBN 7-5009-1875-5:CNY7.00
    
●
相关链接 在E读中查询图书 在五车中查询图书 在当当中查询图书 在豆瓣中查询图书


正题名:铁饼     索取号:G824.2/JY237         预约/预借

序号 登录号 条形码 馆藏地/架位号 状态 备注
1 7829088   278290886   学院路分馆/ [索取号:G824.2/JY237] 在馆    
2 7829089   278290895   学院路分馆/ [索取号:G824.2/JY237] 在馆    
唐山师范学院图书馆 欢迎您!
大连网信软件有限公司© 版权所有